000 00698nam a2200253Ia 4500
003 OSt
005 20220928121512.0
006 a|||||r|||| 00| 0
007 ta
008 220927b |||||||| |||| 00| 0 eng d
024 _a42185
037 _cTextual
040 _aSDCL
_cSDCL
_beng
041 _2eng
_aeng
082 _aS65, N6
100 _aHolmes Ronald M
_9452839
245 0 _aProfiling violent crimes
_b An investigative tool.
250 _a2
260 _aLondon
_bSage Publications
_c1996
300 _axiii,208p.
_ccm.
700 _a Holmes Stephen T
_9452840
942 _hS65, N6
_cTEXL
_2CC
999 _c766786
_d766786